Every Frank Ocean Song on the Billboard Hot 100 - Statistics

General Stats
  • This quiz has been taken 572 times
    532 since last reset
  • The average score is 7 of 14
Answer Stats
# Year Song % Correct
80 2016 Ivy
81%
32 2012 Thinkin Bout You
79%
98 2016 Nights
71%
72 2017 Chanel
69%
84 2016 Pink + White
69%
79 2016 Nikes
62%
82 2011 Novacane
60%
85 2019 In My Room
49%
96 2016 Solo
48%
98 2019 DHL
34%
25 2017 Slide (Calvin Harris) ft. Migos
25%
72 2012 No Church In The Wild (Jay-Z & Kanye West)
16%
83 2013 Oceans (Jay-Z)
4%
63 2017 Caught Their Eyes (Jay-Z)
2%
No matching quizzes found
Score Distribution
Percent of People with Each Score
Percentile by Number Answered
Your Score History
You have not taken this quiz since the last reset